书目信息 |
| 题名: |
土壤地理实验实习
|
|
| 作者: | 李天杰 , 霍亚贞 编 | |
| 分册: | ||
| 出版信息: | 北京 高等教育出版社 1987 |
|
| 页数: | 249页 | |
| 开本: | 20cm | |
| 丛书名: | ||
| 单 册: | ||
| 中图分类: | S159-33 | |
| 科图分类: | ||
| 主题词: | 土壤地理学--实验--高等学校--教材 | |
| 电子资源: | ||
| ISBN: | 7-04-001441-6 | |
| 000 | 00726nam0 2200253 45 | |
| 001 | 0187009936 | |
| 005 | 20070613113017.26 | |
| 010 | @a7-04-001441-6@dCNY1.90 | |
| 100 | @a19900808d1987 em y0chiy0121 ea | |
| 101 | 0 | @achi |
| 102 | @aCN@b110000 | |
| 102 | @aCN@b110000 | |
| 105 | @af z 000yy | |
| 200 | 10 | @a土壤地理实验实习@Atu rang di li shi yan shi xi@f霍亚贞, 李天杰编 |
| 210 | @a北京@c高等教育出版社@d1987 | |
| 215 | @a249页@c插图@d20cm | |
| 300 | @a高等学校试用教材 | |
| 606 | @a土壤地理学@x实验@x高等学校@x教材 | |
| 690 | @aS159-33@v3 | |
| 701 | 0 | @a李天杰@Ali tian jie@4编 |
| 701 | 0 | @a霍亚贞@Ahuo ya zhen@4编 |
| 801 | 2 | @aCN@bNLC@c20070613 |
| 801 | 0 | @aCN@bTSSF@c20070613 |
| 905 | @a10447@dS159-33@e17 | |
| 土壤地理实验实习/霍亚贞, 李天杰编.-北京:高等教育出版社,1987 |
| 249页:插图;20cm |
| 高等学校试用教材 |
| ISBN 7-04-001441-6:CNY1.90 |
| ● |
| 相关链接 |
|
|
|
|
正题名:土壤地理实验实习
索取号:S159-33/17
 
预约/预借
| 序号 | 登录号 | 条形码 | 馆藏地/架位号 | 状态 | 备注 |
| 1 | 0257678 | 000717460 | 第二样本阅览室/ [索取号:S159-33/17] | 在馆 | |
| 2 | 0513591 | 205135913 | 密集书库/ [索取号:S159-33/17] | 在馆 | |
| 3 | 0513592 | 205135922 | 密集书库/ [索取号:S159-33/17] | 在馆 | |
| 4 | 0513593 | 205135931 | 密集书库/ [索取号:S159-33/17] | 在馆 | |
| 5 | 0513594 | 205135940 | 密集书库/ [索取号:S159-33/17] | 在馆 | |
| 6 | 0513595 | 205135959 | 密集书库/ [索取号:S159-33/17] | 在馆 | |
| 7 | 0517373 | 205173738 | 密集书库/ [索取号:S159-33/17] | 在馆 | |
| 8 | 0633725 | 206337258 | 密集书库/ [索取号:S159-33/17] | 在馆 | |
| 9 | 0633726 | 206337267 | 密集书库/ [索取号:S159-33/17] | 在馆 | |
| 10 | 0633727 | 206337276 | 密集书库/ [索取号:S159-33/17] | 在馆 | |
| 11 | 0633728 | 206337285 | 密集书库/ [索取号:S159-33/17] | 在馆 | |
| 12 | 0633729 | 206337294 | 密集书库/ [索取号:S159-33/17] | 在馆 | |
| 13 | 0633730 | 206337301 | 密集书库/ [索取号:S159-33/17] | 在馆 | |
| 14 | 0633731 | 206337310 | 密集书库/ [索取号:S159-33/17] | 在馆 | |
| 15 | 0633732 | 206337329 | 密集书库/ [索取号:S159-33/17] | 在馆 | |
| 16 | 0633733 | 206337338 | 密集书库/ [索取号:S159-33/17] | 在馆 | |
| 17 | 0633734 | 206337347 | 密集书库/ [索取号:S159-33/17] | 在馆 | |
| 18 | 0633735 | 206337356 | 密集书库/ [索取号:S159-33/17] | 在馆 | |
| 19 | 0633736 | 206337365 | 密集书库/ [索取号:S159-33/17] | 在馆 | |
| 20 | 0633737 | 206337374 | 密集书库/ [索取号:S159-33/17] | 在馆 | |
| 21 | 0633738 | 206337383 | 密集书库/ [索取号:S159-33/17] | 在馆 | |
| 22 | 0633739 | 206337392 | 密集书库/ [索取号:S159-33/17] | 在馆 | |
| 23 | 0633740 | 206337409 | 密集书库/ [索取号:S159-33/17] | 在馆 | |
| 24 | 0633741 | 206337418 | 密集书库/ [索取号:S159-33/17] | 在馆 | |
| 25 | 0633742 | 206337427 | 密集书库/ [索取号:S159-33/17] | 在馆 | |
| 26 | 0637046 | 206370461 | 密集书库/ [索取号:S159-33/17] | 在馆 | |
| 27 | 0643416 | 206434161 | 库房3/ [索取号:S159-33/17] | 在馆 | |
| 28 | 0643417 | 206434170 | 库房3/ [索取号:S159-33/17] | 在馆 | |
| 29 | 0643418 | 206434189 | 库房3/ [索取号:S159-33/17] | 在馆 | |
| 30 | 0643419 | 206434198 | 库房3/ [索取号:S159-33/17] | 在馆 |